LEADER 02211nam 2200529 450 001 9910784917003321 005 20230421053522.0 010 $a0-8261-9795-7 035 $a(CKB)2670000000034932 035 $a(EBL)4102363 035 $a(SSID)ssj0000472824 035 $a(PQKBManifestationID)12190936 035 $a(PQKBTitleCode)TC0000472824 035 $a(PQKBWorkID)10434564 035 $a(PQKB)10960309 035 $a(MiAaPQ)EBC4102363 035 $a(Au-PeEL)EBL4102363 035 $a(CaPaEBR)ebr11121647 035 $a(CaONFJC)MIL831381 035 $a(OCoLC)932332494 035 $a(EXLCZ)992670000000034932 100 $a20151210h19981998 uy 0 101 0 $aeng 135 $aurcnu|||||||| 181 $ctxt 182 $cc 183 $acr 200 10$aRisk management in long-term care $ea quick reference guide /$fAndrew D. Weinberg 210 1$aNew York, New York :$cSpringer Publishing Company,$d1998. 210 4$dİ1998 215 $a1 online resource (129 p.) 300 $aDescription based upon print version of record. 311 $a0-8261-9940-2 320 $aIncludes bibliographical references and index. 327 $aContents; Foreword; 1. Introduction and Overview; 2. Approach to Risk Management in the Long-Term Care Setting; 3. Pressure Ulcers; 4. Issues Related to Polypharmacy and Medication Use; 5. Physical Restraints and Neuropsychoactive Medication Use; 6. Infection Control Issues; 7. Prevention of Resident Neglect or Abuse; 8. Falls and Resident Safety Concerns; 9. The Role of the Medical Director; 10. Legal Aspects of Risk Management; 11. Creating and Implementing an Effective Risk Management Program; 12. Risk Management in the 1990's and Beyond; 13. Case Presentations and Question Review 327 $aResources Appendix A; Appendix B; Index; 606 $aLong-term care facilities$xRisk management 615 0$aLong-term care facilities$xRisk management. 676 $a362.16068 700 $aWeinberg$b Andrew David$01483510 801 0$bMiAaPQ 801 1$bMiAaPQ 801 2$bMiAaPQ 906 $aBOOK 912 $a9910784917003321 996 $aRisk management in long-term care$93701627 997 $aUNINA LEADER 04039nam 22010215 450 001 9910786235703321 005 20230508162912.0 010 $a0-520-95460-2 024 7 $a10.1525/9780520954601 035 $a(CKB)2670000000339454 035 $a(EBL)1143402 035 $a(OCoLC)830161951 035 $a(SSID)ssj0000909092 035 $a(PQKBManifestationID)12318552 035 $a(PQKBTitleCode)TC0000909092 035 $a(PQKBWorkID)10920729 035 $a(PQKB)10620649 035 $a(SSID)ssj0000879789 035 $a(PQKBManifestationID)11532245 035 $a(PQKBTitleCode)TC0000879789 035 $a(PQKBWorkID)10853533 035 $a(PQKB)10801018 035 $a(DE-B1597)519037 035 $a(DE-B1597)9780520954601 035 $a(MiAaPQ)EBC1143402 035 $a(EXLCZ)992670000000339454 100 $a20200424h20132013 fg 0 101 0 $aeng 135 $aur||#|||||||| 181 $ctxt 182 $cc 183 $acr 200 10$aUnfortunately, It Was Paradise $eSelected Poems /$fMahmoud Darwish; Sinan Antoon, Amira El-Zein 210 1$aBerkeley, CA :$cUniversity of California Press,$d[2013] 210 4$dİ2013 215 $a1 online resource (220 p.) 300 $aDescription based upon print version of record. 311 0 $a0-520-27303-6 327 $tFront matter --$tContents --$tAcknowledgments --$tIntroduction --$tForeword --$tFrom Fewer Roses (1986) --$tFrom I See What I Want to See (1993) --$tFrom Why Have You Left the Horse Alone? (1995) --$tFrom A Bed for the Stranger (1999) --$tMural (2000) --$tThree Poems (before 1986) --$tGlossary 330 $aMahmoud Darwish is a literary rarity: at once critically acclaimed as one of the most important poets in the Arabic language, and beloved as the voice of his people. A legend in Palestine, his lyrics are sung by fieldworkers and schoolchildren. He has assimilated some of the world's oldest literary traditions while simultaneously struggling to open new possibilities for poetry. This collection spans Darwish's entire career, nearly four decades, revealing an impressive range of expression and form. A splendid team of translators has collaborated with the poet on these new translations, which capture Darwish's distinctive voice and spirit. Fady Joudah's foreword, new to this edition, addresses Darwish's enduring legacy following his death in 2008. 606 $aPoetry, Modern -- 20th century 606 $aPoets, Palestinian Arab 610 $a20th century world. 610 $aanthology. 610 $aarab writers. 610 $aarabic literature. 610 $aarabic poetry. 610 $abrilliant poems. 610 $acollection. 610 $aconflict. 610 $aengaging. 610 $aessays. 610 $afate. 610 $agrief. 610 $ahardship. 610 $aheartfelt. 610 $aimportant poets. 610 $alife and death. 610 $aliterary traditions. 610 $aliterary. 610 $amiddle eastern literature. 610 $amiddle eastern poetry. 610 $anew translation. 610 $apalestine. 610 $apalestinian lit. 610 $apalestinian resistance. 610 $apoetry and poets. 610 $apoetry collection. 610 $apoetry. 610 $apower struggle. 610 $arealistic. 610 $athe middle east. 610 $atragic. 610 $aworld literature. 610 $awriters. 615 4$aPoetry, Modern -- 20th century. 615 4$aPoets, Palestinian Arab. 676 $a892.716 676 $a892/.716 700 $aDarwish$b Mahmoud$4aut$4http://id.loc.gov/vocabulary/relators/aut$01495131 702 $aAntoon$b Sinan$4edt$4http://id.loc.gov/vocabulary/relators/edt 702 $aEl-Zein$b Amira$4edt$4http://id.loc.gov/vocabulary/relators/edt 801 0$bDE-B1597 801 1$bDE-B1597 906 $aBOOK 912 $a9910786235703321 996 $aUnfortunately, It Was Paradise$93719131 997 $aUNINA